[Event "CZE-ch Amateurs 2022"]
[Site "Luhacovice"]
[Date "2022.03.17"]
[Round "7.12"]
[White "Benes, Miroslav"]
[Black "Urban, Zdenek"]
[Result "0-1"]
[WhiteElo "1929"]
[BlackElo "2093"]
[Annotator "NA"]
[PlyCount "94"]
[EventDate "2022.03.12"]
[EventType "swiss"]
[EventCountry "CZE"]
[SourceTitle "playchess.com"]
[Source "ChessBase"]
[SourceQuality "1"]
[TimeControl "5400+30"]

1. d4 {[%emt 0:00:35]} Nf6 {[%emt 0:00:08]} 2. c4 {[%emt 0:00:47]} g6 {[%emt 0:00:45]} 3. Nc3 {[%emt 0:00:24]} d5 {[%emt 0:00:15]} 4. cxd5 {[%emt 0:00:21]} Nxd5 {[%emt 0:00:06]} 5. e4 {[%emt 0:00:06]} Nxc3 {[%emt 0:00:07]} 6. bxc3 {[%emt 0:00:03]} Bg7 {[%emt 0:00:07]} 7. Bc4 {[%emt 0:00:03]} c5 {[%emt 0:00:51]} 8. Ne2 {[%emt 0:00:04]} Nc6 {[%emt 0:00:09]} 9. Be3 {[%emt 0:00:12]} O-O {[%emt 0:00:17]} 10. O-O {[%emt 0:00:07]} Qc7 {[%emt 0:00:36]} 11. Rc1 {[%emt 0:00:05]} Rd8 {[%emt 0:02:47]} 12. Qd2 {[%emt 0:00:33]} Ne5 {[%emt 0:08:24]} 13. Bb3 {[%emt 0:15:23]} ({Much weaker is} 13. Bf4 {[#]} Nxc4 $1 14. Bxc7 Nxd2 $15) 13... Ng4 {[%emt 0:01:37]} 14. Bf4 {[%emt 0:00:29]} e5 {[%emt 0:00:15]} 15. Bg5 {[%emt 0:07:50]} exd4 {[%emt 0:00:46]} 16. Ng3 {[%emt 0:11:04]} Rd6 {[%emt 0:00:47]} 17. Bf4 {[%emt 0:07:05]} Ne5 {[%emt 0:00:13]} 18. cxd4 {[%emt 0:01:36]} Qd8 {[%emt 0:01:26]} 19. d5 {[%emt 0:10:08]} b6 {[%emt 0:00:51]} 20. Bg5 {[%emt 0:08:09]} f6 {[%emt 0:01:02]} 21. Bh6 {[%emt 0:01:21]} Bxh6 {[%emt 0:01:17]} 22. Qxh6 {[%emt 0:00:01]} Ba6 {[%emt 0:00:59]} 23. Rfd1 {[%emt 0:04:44]} c4 {[%emt 0:00:09]} 24. Bc2 {[%emt 0:00:50]} b5 {[%emt 0:00:06]} 25. Ne2 {[%emt 0:01:51]} Qb6 {[%emt 0:03:15]} 26. h3 {[%emt 0:04:02]} Re8 $11 {[%emt 0:01:19]} 27. Nd4 {[%emt 0:01:17]} Bc8 {[%emt 0:00:23]} 28. Qe3 {[%emt 0:03:43]} a5 {[%emt 0:01:20]} 29. f4 {[%emt 0:00:42]} Nd7 {[%emt 0:02:36]} 30. Qf3 {[%emt 0:02:51]} Bb7 {[%emt 0:02:44]} 31. Kh1 {[%emt 0:00:28]} f5 {[%emt 0:01:03]} 32. Nxf5 {[%emt 0:14:16]} gxf5 {[%emt 0:02:20]} 33. e5 {[%emt 0:00:07]} Rg6 {[%emt 0:04:48]} 34. Bxf5 {[%emt 0:00:26]} Rg7 {[%emt 0:00:45]} 35. Qh5 {[%emt 0:02:29]} Rd8 {[%emt 0:04:29]} 36. Be6+ {[%emt 0:00:47]} Kh8 {[%emt 0:00:21]} 37. Rc2 {[%emt 0:01:55]} Qe3 {[%emt 0:03:40]} 38. Qh4 {[%emt 0:00:25]} Rf8 {[%emt 0:00:15]} 39. Bxd7 {[%emt 0:02:04]} Rxd7 {[%emt 0:00:03]} 40. e6 {[%emt 0:00:07]} Rxd5 {[%emt 0:04:34]} 41. Re1 {[%emt 0:00:44]} Qd4 {[%emt 0:00:57]} 42. e7 {[%emt 0:00:34]} Re8 {[%emt 0:00:26]} 43. Re5 {[%emt 0:00:38]} Rd6 {[%emt 0:04:07]} 44. Rce2 {[%emt 0:00:07]} Rg6 {[%emt 0:01:46]} 45. Qh5 {[%emt 0:00:52]} Bc6 {[%emt 0:02:37]} 46. Kh2 {[%emt 0:00:34]} Qxf4+ {[%emt 0:00:40]} 47. Kh1 {[%emt 0:00:15]} Qf1+ {[%emt 0:00:13]} 0-1

[Event "CZE-ch Amateurs 2022"]
[Site "Luhacovice"]
[Date "2022.03.17"]
[Round "7.13"]
[White "Jun, Rudolf"]
[Black "Malinovsky, Petr"]
[Result "1-0"]
[WhiteElo "2215"]
[BlackElo "1965"]
[Annotator "ChessBase"]
[PlyCount "73"]
[EventDate "2022.03.12"]
[EventType "swiss"]
[EventCountry "CZE"]
[SourceTitle "playchess.com"]
[Source "ChessBase"]
[SourceQuality "1"]
[TimeControl "5400+30"]

1. d4 {[%emt 0:00:06]} d5 {[%emt 0:00:07]} 2. c4 {[%emt 0:00:31]} e6 {[%emt 0:00:04]} 3. Nc3 {[%emt 0:00:18]} c6 {[%emt 0:00:07]} 4. e4 {[%emt 0:00:32]} dxe4 {[%emt 0:00:50]} 5. Nxe4 {[%emt 0:00:18]} Bb4+ {[%emt 0:00:20]} 6. Bd2 {[%emt 0:00:16]} Bxd2+ {[%emt 0:04:07]} 7. Qxd2 {[%emt 0:00:15]} Nf6 {[%emt 0:00:19]} 8. Nxf6+ {[%emt 0:03:07]} Qxf6 {[%emt 0:00:08]} 9. Nf3 {[%emt 0:01:21]} b6 {[%emt 0:06:29]} 10. Be2 {[%emt 0:02:17]} Bb7 {[%emt 0:02:33]} 11. a4 {[%emt 0:02:32]} a5 {[%emt 0:04:41]} 12. b4 {[%emt 0:00:57]} O-O {[%emt 0:01:30]} 13. O-O {[%emt 0:00:28]} Rd8 {[%emt 0:02:49]} 14. Rfb1 {[%emt 0:05:16]} Nd7 {[%emt 0:09:18]} 15. bxa5 {[%emt 0:02:31]} Rxa5 {[%emt 0:06:08]} 16. Rxb6 {[%emt 0:00:48]} Ra7 {[%emt 0:00:17]} 17. Rbb1 {[%emt 0:11:47]} c5 {[%emt 0:03:54]} 18. d5 {[%emt 0:05:57]} exd5 {[%emt 0:06:44]} 19. cxd5 {[%emt 0:01:03]} Nb6 {[%emt 0:01:01]} 20. a5 {[%emt 0:23:31]} Bxd5 {[%emt 0:04:08]} 21. Qb2 {[%emt 0:10:52]} Nd7 {[%emt 0:03:47]} 22. a6 {[%emt 0:05:58]} Qxb2 {[%emt 0:06:58]} 23. Rxb2 {[%emt 0:00:10]} Kf8 {[%emt 0:00:51]} 24. Rd2 {[%emt 0:01:00]} Nf6 {[%emt 0:03:57]} 25. Bc4 {[%emt 0:00:57]} Rad7 {[%emt 0:02:21]} 26. Ne5 {[%emt 0:06:58]} Rd6 {[%emt 0:02:04]} 27. f3 {[%emt 0:09:54]} Ke7 {[%emt 0:11:46]} 28. a7 {[%emt 0:01:37]} Ba8 {[%emt 0:01:49]} 29. Rxd6 {[%emt 0:00:34]} Rxd6 {[%emt 0:00:30]} 30. Rb1 {[%emt 0:00:13]} Nd7 {[%emt 0:03:49]} 31. Rb8 {[%emt 0:02:51]} Nxe5 {[%emt 0:01:18]} 32. Rxa8 {[%emt 0:00:15]} Rd1+ {[%emt 0:00:50]} 33. Kf2 {[%emt 0:00:15]} Ra1 {[%emt 0:00:03]} 34. Bd5 {[%emt 0:00:53]} Nd7 {[%emt 0:03:55]} 35. Bc6 {[%emt 0:00:43]} Kd6 {[%emt 0:00:54]} 36. Bxd7 {[%emt 0:00:26]} Kxd7 {[%emt 0:00:25]} 37. Rf8 {[%emt 0:00:07]} 1-0

[Event "CZE-ch Amateurs 2022"]
[Site "Luhacovice"]
[Date "2022.03.17"]
[Round "7.14"]
[White "Kulhanek, Jachym"]
[Black "Jares, Michal"]
[Result "1/2-1/2"]
[WhiteElo "1951"]
[BlackElo "2160"]
[Annotator "TA"]
[PlyCount "193"]
[EventDate "2022.03.12"]
[EventType "swiss"]
[EventCountry "CZE"]
[SourceTitle "playchess.com"]
[Source "ChessBase"]
[SourceQuality "1"]

{[%evp 27,193,82,93,49,107,47,129,-27,-17,-24,0,-29,-23,-37,-36,-34,-25,-27,-15,-21,-28,-31,-19,-12,-4,-15,-8,-18,-29,-50,-42,-47,-45,-67,-46,-53,-70,-69,-68,-98,-102,-118,-98,-98,-83,-83,-106,-282,-277,-276,-150,-310,-70,-48,-65,-44,-54,-57,-44,-52,-18,-23,0,-37,0,-17,-16,-16,-20,-27,-14,-21,-17,-83,-91,-107,-98,-91,-13,-91,-85,-97,-94,-115,-86,-87,-75,-87,0,-71,0,-64,-7,-7,-7,-7,-7,-7,-7,-7,-7,-7,-7,-8,-7,-7,-7,-7,0,-7,0,-7,-7,-7,-7,-7,-7,-7,-7,-7,-7,-7,-7,-8,-7,-8,-8,-8,-8,-9,-7,-48,-21,-33,-9,-9,-9,-86,-86,-86,-86,-2282,-731,-74,-74,-1797,-16,-992,-74,-74,-74,-74,-74,-74,-74,-74,-74,-74,-74,-74,-74,-74,-74,-74,0,-74,0,-8]} 1. e4 c5 2. Nf3 d6 3. d4 cxd4 4. Nxd4 Nf6 5. Nc3 g6 6. Bc4 Bg7 7. Be3 O-O 8. f3 Nc6 9. Qd2 Ne5 10. Bb3 Bd7 11. O-O-O Rc8 12. Kb1 Nc4 13. Bxc4 Rxc4 14. g4 b5 15. b3 {B78: Sicilian Dragon: Yugoslav Attack, 9 Bc4 Bd7 10 0-0-0 Rc8.} (15. Ndxb5 Bxb5 16. Nxb5 Qb8 $11) (15. h4 $16) 15... Rc8 {15...Rc8 has lost popularity.} (15... b4 $1 $14 16. bxc4 bxc3 17. Qxc3 Qc7) 16. h4 {[#] White is more active.} (16. Ncxb5 $6 e5 17. Nxd6 exd4 18. Bxd4 Rc7 $11) ({White should try} 16. Ndxb5 $16 Qa5 17. Nd5 $1 Qxd2 18. Nxe7+ (18. Rxd2 Nxd5 19. Rxd5 e6 $17) 18... Kh8 19. Rxd2 (19. Bxd2 Bxb5 20. Nxc8 Rxc8 $16)) 16... Qc7 $146 (16... h5 $14) ({Predecessor:} 16... h5 17. Nd5 Nxg4 18. fxg4 Bxg4 19. Rdg1 e6 20. Bg5 f6 21. Bh6 exd5 22. Bxg7 Rf7 {1-0 (36) Erdogmus,Y (1955)-Toncheva,N (2201) Veliko Gradiste 2021}) 17. Nd5 $2 (17. Ncxb5 $16 Qb7 18. c4) 17... Nxd5 $11 18. exd5 Qc3 19. h5 Qxd2 20. Rxd2 Rc3 21. Bg5 Re8 22. hxg6 hxg6 23. Rf1 b4 24. Ne2 Rc5 25. Be3 Ra5 26. Rh1 Rb8 27. Nf4 g5 28. Ne2 Rbb5 $1 29. Rhd1 $1 {[#]} Rxa2 $1 {[%csl Gg7][%cal Ra2a1]} 30. Bd4 {Inhibits Ra1+.} (30. Kxa2 $2 Ra5+ 31. Kb1 Ra1#) (30. c4 Ra3) 30... Bxd4 31. Rxd4 (31. Kxa2 $2 Ra5+ 32. Kb1 Ra1#) 31... Raa5 (31... Rba5 32. Nc1 Ra1+ 33. Kb2 $14) 32. Nc1 Ra6 33. Na2 Rab6 34. R4d2 Kg7 35. Rh2 e6 36. Rh5 Kf6 ({Much worse is} 36... exd5 37. Rxg5+ Kf8 38. Rh5 $11 (38. Rdxd5 a5 $11) (38. Rgxd5 Rxd5 39. Rxd5 Bc6 $11)) 37. Rf1 $2 (37. dxe6 $17 Bxe6 38. Rd4) 37... Rxd5 $19 38. f4 Kg7 ({Black should play} 38... Rd4 $19 39. fxg5+ Kg7) 39. fxg5 (39. f5 $17 {keeps fighting.} exf5 40. Rxg5+ Kf8 41. Rh5) 39... Rbb5 $2 (39... e5 $19 {And now ...Rd2 would win.} 40. Rh6 Bxg4) 40. c4 $15 {[%csl LRb5,LRd5]} bxc3 $1 41. Nxc3 Rxb3+ 42. Kc2 {[#]} Rxc3+ 43. Kxc3 {[%cal Og5g6][%mdl 4096] Endgame KRR-KRB} Rc5+ 44. Kd2 Rd5+ 45. Kc3 {[%cal Og5g6]} Rc5+ 46. Kd2 $1 Rc4 47. g6 Kxg6 48. Rh8 $1 Kg7 {Inhibits Rg8+.} 49. Rd8 Bb5 50. g5 (50. Rxd6 $11 Rxg4 51. Rc1) 50... Rg4 $17 51. Rb1 Rxg5 52. Rxd6 Rf5 (52... Re5 $17 53. Rc1 a6) 53. Rd4 (53. Rc1 $11) 53... a6 54. Rh4 Kf6 55. Rg1 Ke5 56. Ke3 Bc6 57. Ra1 Bb5 (57... Rf3+ $17 58. Ke2 Rb3) 58. Rd1 (58. Rg1 $1 $11) 58... Bc6 59. Ra1 $1 Bd5 (59... Rf3+ $15 60. Ke2 Rb3) 60. Rxa6 $11 Rf3+ 61. Kd2 f5 62. Ra1 Rf4 63. Rh6 Re4 64. Ra5 Rg4 65. Rh2 Kf6 66. Ke3 Rg3+ 67. Kd4 Rg4+ 68. Ke3 Ke5 69. Kf2 Kf4 70. Rb5 Rg6 71. Rh4+ Ke5 72. Ke3 Rg3+ 73. Kf2 Rf3+ 74. Ke2 {[%cal Ob5d5] Hoping for Rxd5+!} Rf4 75. Rh2 Re4+ 76. Kd3 Rd4+ 77. Ke2 Ke4 78. Rb8 f4 79. Rf8 (79. Ke1 $11 {deserves consideration.}) 79... Bc4+ 80. Ke1 $1 e5 81. Re8 Rd5 82. Rh4 (82. Rc2 $11 {keeps the balance.} Bb5 83. Re7) 82... Ke3 $17 83. Rh5 e4 84. Rxd5 $4 {[%mdl 8192]} (84. Rh3+ $17 f3 85. Rxe4+ Kxe4 86. Rxf3) 84... Bxd5 {KR-KB} 85. Rb8 Bc4 {aiming for ...f3.} 86. Rb2 $2 {[%mdl 8192] [#]} (86. Ra8 $17) 86... Bd3 $2 ({Better is} 86... f3 $1 $19 87. Rc2 Bd3) 87. Ra2 $2 {[%mdl 8192] [#]} (87. Rb8 $11) 87... Kf3 $2 (87... f3 $1 $19 {and Black stays clearly on top. Strongly threatening ...Kf4.} 88. Rd2 Kd4) 88. Rh2 Kg3 89. Rh8 e3 90. Rg8+ Kf3 91. Rg7 Bf5 92. Rg8 Bg4 93. Rb8 Kg3 94. Rb3 Bh5 95. Rb5 Bg4 {( -> ...f3)} 96. Rb3 $1 Kg2 (96... Be6 $17 97. Rc3 Bf5) 97. Rxe3 {Weighted Error Value: White=0.25 (precise) /Black=0.28 (precise)} 1/2-1/2

[Event "CZE-ch Amateurs 2022"]
[Site "Luhacovice"]
[Date "2022.03.17"]
[Round "7.15"]
[White "Cagasik, Tomas"]
[Black "Novotny, Josef"]
[Result "1-0"]
[WhiteElo "2177"]
[BlackElo "2033"]
[Annotator "ChessBase"]
[PlyCount "113"]
[EventDate "2022.03.12"]
[EventType "swiss"]
[EventCountry "CZE"]
[SourceTitle "playchess.com"]
[Source "ChessBase"]
[SourceQuality "1"]
[TimeControl "5400+30"]

1. d4 {[%emt 0:00:04]} e6 {[%emt 0:00:49]} 2. e4 {[%emt 0:00:17]} d6 {[%emt 0:00:07]} 3. Be3 {[%emt 0:00:23]} g6 {[%emt 0:00:17]} 4. Nc3 {[%emt 0:00:20]} Nh6 {[%emt 0:01:08]} 5. f3 {[%emt 0:00:24]} f6 {[%emt 0:00:27]} 6. Qd2 {[%emt 0:01:41]} Nf7 {[%emt 0:00:11]} 7. O-O-O {[%emt 0:02:48]} Bg7 {[%emt 0:01:00]} 8. h4 {[%emt 0:10:27]} c6 {[%emt 0:00:33]} 9. f4 {[%emt 0:02:21]} b5 {[%emt 0:00:56]} 10. h5 {[%emt 0:01:30]} g5 {[%emt 0:01:14]} 11. fxg5 {[%emt 0:01:11]} fxg5 {[%emt 0:00:13]} 12. h6 {[%emt 0:00:18]} Bf6 {[%emt 0:00:40]} 13. Nf3 {[%emt 0:06:15]} g4 {[%emt 0:05:37]} 14. Nh2 {[%emt 0:02:03]} e5 {[%emt 0:00:30]} 15. d5 {[%emt 0:02:33]} b4 {[%emt 0:00:57]} 16. Ne2 {[%emt 0:00:46]} Bg5 {[%emt 0:05:25]} 17. dxc6 {[%emt 0:02:11]} Bxe3 {[%emt 0:02:32]} 18. Qxe3 {[%emt 0:00:13]} Nxc6 {[%emt 0:00:16]} 19. Ng3 {[%emt 0:01:20]} Be6 {[%emt 0:03:49]} 20. Bb5 {[%emt 0:02:56]} Rc8 {[%emt 0:02:32]} 21. Nf5 {[%emt 0:09:04]} Bxf5 {[%emt 0:05:32]} 22. exf5 {[%emt 0:00:29]} O-O {[%emt 0:00:35]} 23. Nxg4 {[%emt 0:09:21]} Kh8 {[%emt 0:02:08]} 24. Rh5 {[%emt 0:05:55]} Rg8 {[%emt 0:12:47]} 25. Qe4 {[%emt 0:03:56]} Rg5 {[%emt 0:14:07]} 26. Rh4 {[%emt 0:10:41]} Ne7 {[%emt 0:08:32]} 27. Ne3 {[%emt 0:02:35]} Rg3 {[%emt 0:01:43]} 28. Rg4 {[%emt 0:04:15]} Rxg4 {[%emt 0:08:13]} 29. Qxg4 {[%emt 0:03:14]} Nxh6 {[%emt 0:01:43]} 30. Qf3 {[%emt 0:04:29]} Neg8 {[%emt 0:02:26]} 31. Bc4 {[%emt 0:01:17]} Qg5 {[%emt 0:00:25]} 32. Be6 {[%emt 0:00:42]} Rd8 {[%emt 0:00:38]} 33. Kb1 {[%emt 0:02:07]} Nf6 {[%emt 0:01:23]} 34. Nc4 {[%emt 0:00:38]} e4 {[%emt 0:01:11]} 35. Qh3 {[%emt 0:00:59]} d5 {[%emt 0:01:46]} 36. Ne5 {[%emt 0:00:28]} Qf4 {[%emt 0:00:56]} 37. Nc6 {[%emt 0:02:18]} Rf8 {[%emt 0:01:16]} 38. Rh1 {[%emt 0:03:46]} Nfg4 {[%emt 0:01:26]} 39. Qh4 {[%emt 0:01:59]} Qd6 {[%emt 0:02:05]} 40. Nd4 {[%emt 0:00:42]} Rf6 {[%emt 0:01:45]} 41. Qg5 {[%emt 0:00:30]} Qf8 {[%emt 0:01:08]} 42. Rh4 {[%emt 0:00:33]} e3 {[%emt 0:02:47]} 43. Ne2 {[%emt 0:00:43]} Qd8 {[%emt 0:03:04]} 44. Rxg4 {[%emt 0:00:36]} Nxg4 {[%emt 0:00:52]} 45. Qxg4 {[%emt 0:00:01]} Qf8 {[%emt 0:01:59]} 46. Qd4 {[%emt 0:00:42]} a5 {[%emt 0:00:41]} 47. c3 {[%emt 0:00:20]} bxc3 {[%emt 0:00:13]} 48. bxc3 {[%emt 0:00:16]} Qg7 {[%emt 0:00:06]} 49. Kc2 {[%emt 0:00:32]} h5 {[%emt 0:00:38]} 50. Kd3 {[%emt 0:01:23]} Kh7 {[%emt 0:00:13]} 51. Qxd5 {[%emt 0:00:24]} Qg5 {[%emt 0:00:39]} 52. Qd7+ {[%emt 0:00:29]} Kh6 {[%emt 0:00:14]} 53. Qd5 {[%emt 0:00:22]} Rf8 {[%emt 0:00:12]} 54. Qe4 {[%emt 0:00:28]} Rd8+ {[%emt 0:00:17]} 55. Nd4 {[%emt 0:00:17]} e2 {[%emt 0:01:57]} 56. Qxe2 {[%emt 0:00:27]} Qh4 {[%emt 0:00:15]} 57. Bb3 {[%emt 0:00:48]} 1-0

[Event "CZE-ch Amateurs 2022"]
[Site "Luhacovice"]
[Date "2022.03.17"]
[Round "7.16"]
[White "Husek, Martin"]
[Black "Novotny, Lubomir"]
[Result "1-0"]
[WhiteElo "2167"]
[BlackElo "1902"]
[Annotator "ChessBase"]
[PlyCount "53"]
[EventDate "2022.03.12"]
[EventType "swiss"]
[EventCountry "CZE"]
[SourceTitle "playchess.com"]
[Source "ChessBase"]
[SourceQuality "1"]
[TimeControl "5400+30"]

1. e4 {[%emt 0:00:37]} c5 {[%emt 0:01:02]} 2. Nf3 {[%emt 0:00:11]} g6 {[%emt 0:00:14]} 3. d4 {[%emt 0:01:44]} Bg7 {[%emt 0:01:06]} 4. c3 {[%emt 0:03:18]} b6 {[%emt 0:05:36]} 5. Bd3 {[%emt 0:00:37]} Bb7 {[%emt 0:00:43]} 6. O-O {[%emt 0:00:22]} e6 {[%emt 0:00:26]} 7. Na3 {[%emt 0:02:33]} Ne7 {[%emt 0:00:28]} 8. Nb5 {[%emt 0:00:25]} d6 {[%emt 0:00:24]} 9. Bf4 {[%emt 0:01:14]} Nc8 {[%emt 0:00:46]} 10. dxc5 {[%emt 0:11:31]} bxc5 {[%emt 0:00:25]} 11. Bc4 {[%emt 0:00:11]} O-O {[%emt 0:00:37]} 12. Nxd6 {[%emt 0:01:02]} Bc6 {[%emt 0:03:39]} 13. Nxc8 {[%emt 0:09:52]} Qxc8 {[%emt 0:11:20]} 14. Qe2 {[%emt 0:00:23]} Nd7 {[%emt 0:02:26]} 15. h4 {[%emt 0:00:43]} e5 {[%emt 0:00:42]} 16. Bg3 {[%emt 0:05:15]} Qb7 {[%emt 0:01:51]} 17. Rfe1 {[%emt 0:01:36]} Rae8 {[%emt 0:00:22]} 18. Qc2 {[%emt 0:08:21]} Nb6 {[%emt 0:08:44]} 19. Nd2 {[%emt 0:08:25]} Bh6 {[%emt 0:01:07]} 20. Bf1 {[%emt 0:00:19]} Bxd2 {[%emt 0:09:11]} 21. Qxd2 {[%emt 0:00:13]} Bxe4 {[%emt 0:00:31]} 22. f3 {[%emt 0:03:14]} Rd8 {[%emt 0:03:18]} 23. Qh6 {[%emt 0:10:11]} Bf5 {[%emt 0:01:48]} 24. Rxe5 {[%emt 0:02:18]} c4 {[%emt 0:11:13]} 25. Rxf5 {[%emt 0:00:34]} gxf5 {[%emt 0:00:12]} 26. Qg5+ {[%emt 0:00:11]} Kh8 {[%emt 0:00:12]} 27. Qf6+ {[%emt 0:00:13]} 1-0

[Event "CZE-ch Amateurs 2022"]
[Site "Luhacovice"]
[Date "2022.03.17"]
[Round "7.17"]
[White "Lukastik, David"]
[Black "Lorenc, Tomas"]
[Result "1/2-1/2"]
[WhiteElo "1854"]
[BlackElo "2183"]
[Annotator "ChessBase"]
[PlyCount "134"]
[EventDate "2022.03.12"]
[EventType "swiss"]
[EventCountry "CZE"]
[SourceTitle "playchess.com"]
[Source "ChessBase"]
[SourceQuality "1"]
[TimeControl "5400+30"]

1. d4 {[%emt 0:00:05]} Nf6 {[%emt 0:01:30]} 2. c4 {[%emt 0:01:10]} c5 {[%emt 0:00:21]} 3. d5 {[%emt 0:00:08]} b5 {[%emt 0:00:05]} 4. cxb5 {[%emt 0:00:07]} a6 {[%emt 0:00:05]} 5. bxa6 {[%emt 0:00:10]} Bxa6 {[%emt 0:00:10]} 6. Nc3 {[%emt 0:00:20]} d6 {[%emt 0:00:15]} 7. e4 {[%emt 0:00:27]} Bxf1 {[%emt 0:00:11]} 8. Kxf1 {[%emt 0:00:08]} Nbd7 {[%emt 0:00:04]} 9. Nf3 {[%emt 0:01:00]} g6 {[%emt 0:00:26]} 10. g3 {[%emt 0:00:26]} Bg7 {[%emt 0:00:07]} 11. Kg2 {[%emt 0:00:16]} O-O {[%emt 0:00:03]} 12. Re1 {[%emt 0:00:12]} Qa5 {[%emt 0:02:22]} 13. a4 {[%emt 0:00:51]} Rfb8 {[%emt 0:01:44]} 14. Qc2 {[%emt 0:11:57]} Ng4 {[%emt 0:06:44]} 15. Bd2 {[%emt 0:02:36]} Qb4 {[%emt 0:00:57]} 16. h3 {[%emt 0:04:51]} Nge5 {[%emt 0:05:33]} 17. Nxe5 {[%emt 0:05:34]} Nxe5 {[%emt 0:00:43]} 18. Nb5 {[%emt 0:00:19]} Qc4 {[%emt 0:00:17]} 19. Bc3 {[%emt 0:00:52]} Nd3 {[%emt 0:03:26]} 20. b3 {[%emt 0:06:21]} Nxe1+ {[%emt 0:04:17]} 21. Rxe1 {[%emt 0:00:26]} Bxc3 {[%emt 0:00:15]} 22. bxc4 {[%emt 0:02:27]} Bxe1 {[%emt 0:00:03]} 23. f4 {[%emt 0:02:11]} Ba5 {[%emt 0:05:29]} 24. e5 {[%emt 0:02:06]} Ra6 {[%emt 0:01:50]} 25. Kf3 {[%emt 0:01:22]} Bd8 {[%emt 0:01:44]} 26. g4 {[%emt 0:01:59]} Rba8 {[%emt 0:01:56]} 27. Nc3 {[%emt 0:01:55]} dxe5 {[%emt 0:03:10]} 28. fxe5 {[%emt 0:00:16]} f6 {[%emt 0:01:03]} 29. exf6 {[%emt 0:02:28]} exf6 {[%emt 0:05:12]} 30. Qe4 {[%emt 0:01:07]} Bc7 {[%emt 0:07:15]} 31. Nb5 {[%emt 0:01:23]} Be5 {[%emt 0:08:04]} 32. d6 {[%emt 0:03:06]} Rxa4 {[%emt 0:00:39]} 33. Qd5+ {[%emt 0:00:46]} Kf8 {[%emt 0:01:53]} 34. Qxc5 {[%emt 0:04:04]} Rd8 {[%emt 0:00:20]} 35. d7+ {[%emt 0:00:59]} Kf7 {[%emt 0:00:11]} 36. Nd6+ {[%emt 0:03:25]} Bxd6 {[%emt 0:00:31]} 37. Qxd6 {[%emt 0:00:10]} Ra7 {[%emt 0:00:15]} 38. Qd5+ {[%emt 0:01:02]} Kg7 {[%emt 0:00:09]} 39. g5 {[%emt 0:01:24]} Raxd7 {[%emt 0:01:56]} 40. gxf6+ {[%emt 0:00:13]} Kxf6 {[%emt 0:00:15]} 41. Qc6+ {[%emt 0:00:21]} Rd6 {[%emt 0:00:59]} 42. Qc7 {[%emt 0:01:34]} R8d7 {[%emt 0:01:16]} 43. Qc8 {[%emt 0:00:41]} Ke5 {[%emt 0:11:28]} 44. Qc5+ {[%emt 0:03:45]} Ke6 {[%emt 0:02:13]} 45. Qc8 {[%emt 0:05:42]} Rd3+ {[%emt 0:03:29]} 46. Ke2 {[%emt 0:00:15]} Ke5 {[%emt 0:01:24]} 47. Qc5+ {[%emt 0:02:12]} Kf4 {[%emt 0:01:16]} 48. Qf2+ {[%emt 0:00:57]} Ke4 {[%emt 0:00:35]} 49. Qh4+ {[%emt 0:00:39]} Kf5 {[%emt 0:01:17]} 50. Qg4+ {[%emt 0:02:51]} Ke5 {[%emt 0:00:24]} 51. Qg5+ {[%emt 0:01:08]} Kd4 {[%emt 0:01:04]} 52. c5 {[%emt 0:03:16]} Rd5 {[%emt 0:02:13]} 53. Qxd5+ {[%emt 0:00:41]} Kxd5 {[%emt 0:00:08]} 54. Kxd3 {[%emt 0:00:10]} Kxc5 {[%emt 0:00:01]} 55. Ke4 {[%emt 0:00:11]} Kd6 {[%emt 0:00:11]} 56. Kf4 {[%emt 0:00:18]} h6 {[%emt 0:00:34]} 57. h4 {[%emt 0:00:45]} Kd5 {[%emt 0:01:24]} 58. h5 {[%emt 0:07:30]} g5+ {[%emt 0:00:08]} 59. Kf5 {[%emt 0:00:13]} Kd6 {[%emt 0:02:47]} 60. Kg6 {[%emt 0:01:19]} g4 {[%emt 0:00:20]} 61. Kxh6 {[%emt 0:00:12]} g3 {[%emt 0:00:19]} 62. Kh7 {[%emt 0:00:47]} g2 {[%emt 0:00:15]} 63. h6 {[%emt 0:00:14]} g1=Q {[%emt 0:00:10]} 64. Kh8 {[%emt 0:00:10]} Qd4+ {[%emt 0:00:27]} 65. Kg8 {[%emt 0:00:23]} Qd5+ {[%emt 0:00:33]} 66. Kg7 {[%emt 0:00:27]} Qg5+ {[%emt 0:00:12]} 67. Kh7 {[%emt 0:00:21]} Ke7 {[%emt 0:00:17]} 1/2-1/2